[Event "London Classic Superrapid"]
[Site "London ENG"]
[Date "2016.12.18"]
[Round "10.17"]
[White "Siva, Mahadevan"]
[Black "Hebden, Mark L"]
[Result "1/2-1/2"]
[WhiteTitle "IM"]
[BlackTitle "GM"]
[WhiteElo "2360"]
[BlackElo "2492"]
[WhiteFideId "25043153"]
[BlackFideId "400084"]
[EventDate "2016.12.17"]

1. e4 e5 2. Nf3 Nc6 3. Bc4 Nf6 4. d3 Be7 5. O-O O-O 6. Re1 d6 7. c3 Na5 8. Bb5
a6 9. Ba4 b5 10. Bc2 c5 11. Nbd2 Re8 12. Nf1 g6 13. h3 Bb7 14. Ng3 Bf8 15. d4
cxd4 16. cxd4 exd4 17. Nxd4 d5 18. e5 Ne4 19. Bf4 Nc4 20. b3 Nxe5 21. Nxe4 dxe4
22. Bxe4 Bxe4 23. Rxe4 Nc6 24. Rxe8 Qxe8 25. Nxc6 Qxc6 26. Rc1 Qe4 27. Be3 a5
28. Qd7 b4 29. Rc7 Qe8 30. Qxe8 Rxe8 31. Ra7 f5 32. Rxa5 Bd6 33. g3 h5 34. Ra6
Rd8 35. h4 Kf7 36. Kg2 Rd7 37. Kf3 Be7 38. Ke2 Rc7 39. Kd3 Rc3+ 40. Kd2 Rc8 41.
Ra7 Ke6 42. Bg5 Bxg5+ 43. hxg5 f4 44. gxf4 Kf5 45. Rf7+ Kg4 46. Rf6 Rg8 47. Ke2
h4 48. Kf1 h3 49. Kg1 Rc8 50. f5 gxf5 51. g6 Rg8 52. Kh2 f4 53. Rb6 Kf3 54. Rxb4
Rxg6 55. a4 Rf6 56. a5 Kxf2 57. Ra4 f3 58. a6 Rf8 59. Kxh3 Ke3 60. a7 f2 61. Ra1
Rh8+ 62. Kg2 Rg8+ 63. Kh2 Rh8+ 1/2-1/2

[Event "London Classic Superrapid"]
[Site "London ENG"]
[Date "2016.12.18"]
[Round "10.18"]
[White "Lalic, Bogdan"]
[Black "Bellahcene, Bilel"]
[Result "1-0"]
[WhiteTitle "GM"]
[BlackTitle "IM"]
[WhiteElo "2443"]
[BlackElo "2496"]
[WhiteFideId "409081"]
[BlackFideId "696358"]
[EventDate "2016.12.17"]

1. d4 d5 2. c4 e6 3. Nf3 c6 4. Bg5 f6 5. Bd2 Bd6 6. Qb3 Nd7 7. Bb4 Bb8 8. a4 a5
9. Ba3 Ne7 10. Nc3 f5 11. Rc1 Nf6 12. g3 h6 13. Bg2 O-O 14. O-O Re8 15. Rc2 g5
16. Ne5 Kg7 17. Nd3 Ng6 18. Rfc1 Bd6 19. Bxd6 Qxd6 20. Nc5 Re7 21. e3 h5 22.
cxd5 exd5 23. Nd3 Ne4 24. Nxd5 Be6 25. Nxe7 Qxe7 26. Qa3 Qf7 27. b4 h4 28. Qb2
Bd5 29. bxa5 hxg3 30. fxg3 Re8 31. Nc5 Nxc5 32. Bxd5 Qxd5 33. Rxc5 Qe4 34. Qxb7+
Kh6 35. Qb2 f4 36. exf4 gxf4 37. Rxc6 Kg5 38. Qf2 f3 39. R6c3 Kg4 40. Rf1 Rf8
41. Rxf3 Rxf3 42. Qxf3+ 1-0

[Event "London Classic Superrapid"]
[Site "London ENG"]
[Date "2016.12.18"]
[Round "10.19"]
[White "Buckley, Graeme N"]
[Black "Zinchenko, Yaroslav"]
[Result "0-1"]
[WhiteTitle "IM"]
[BlackTitle "GM"]
[WhiteElo "2342"]
[BlackElo "2547"]
[WhiteFideId "402265"]
[BlackFideId "14110547"]
[EventDate "2016.12.17"]

1. b4 e5 2. Bb2 Bxb4 3. Bxe5 Nf6 4. Nc3 O-O 5. Bxf6 Qxf6 6. Nd5 Qd6 7. Nxb4 Qxb4
8. e3 d5 9. Nf3 c5 10. c4 d4 11. Be2 Nc6 12. exd4 cxd4 13. O-O Re8 14. d3 Bf5
15. Re1 Re7 16. Rb1 Qa3 17. Qd2 Rae8 18. Rb3 Qa5 19. Kf1 Qc7 20. h3 h6 21. Kg1
b6 22. Rb5 Bd7 23. Bf1 Rxe1 24. Nxe1 Nd8 25. Rb1 Bc6 26. Be2 Ne6 27. Bf3 Bxf3
28. Nxf3 Qf4 29. Re1 Qxd2 30. Nxd2 Rd8 31. Nb3 Nf4 32. Nc1 Kf8 33. h4 Re8 34.
Rxe8+ Kxe8 35. g3 Ne6 36. Kg2 Ke7 37. Kf3 f5 38. g4 Kf6 39. Kg3 Ke5 40. Ne2 f4+
41. Kg2 Nc5 42. Nc1 Na4 43. h5 Nc3 44. Kf3 a5 45. Kg2 a4 46. Kf3 a3 47. Kg2 Kf6
48. f3 Kg5 49. Kh3 Nd1 50. Kg2 Ne3+ 51. Kh3 Nc2 52. Kg2 Kh4 53. Kf2 Nb4 54. Kg2
Kg5 55. Kf2 Kf6 56. Ke2 Ke5 57. Kd2 Kd6 58. Nb3 Ke5 59. Nc1 Kf6 60. Ke2 Kg5 61.
Kf2 Kh4 62. Kg2 Nc2 63. Kf2 Kg5 64. Ke2 g6 65. hxg6 Kxg6 66. Nb3 Nb4 67. Nxd4
Nxa2 68. Nc2 Nc3+ 69. Kd2 Nb1+ 70. Kc1 Nc3 71. Kd2 Nb1+ 72. Kc1 Nc3 73. Kd2 Nb1+
74. Kc1 Nc3 75. Kd2 Nb1+ 76. Kc1 Nc3 77. Kd2 Nb1+ 78. Kc1 Nc3 79. d4 Ne2+ 80.
Kd2 Ng1 81. Kd3 Nxf3 82. Ke4 Nd2+ 83. Kd3 Nb1 84. Ke4 a2 85. c5 bxc5 86. dxc5
Na3 87. Na1 Kg5 88. c6 Nb5 89. Kd5 f3 90. Kc5 f2 91. Kxb5 0-1

[Event "London Classic Superrapid"]
[Site "London ENG"]
[Date "2016.12.18"]
[Round "10.20"]
[White "Hector, Jonny"]
[Black "Roberson, Peter T"]
[Result "1/2-1/2"]
[WhiteTitle "GM"]
[BlackTitle "IM"]
[WhiteElo "2488"]
[BlackElo "2401"]
[WhiteFideId "1700090"]
[BlackFideId "412384"]
[EventDate "2016.12.17"]

1. e4 e6 2. d4 d5 3. Nc3 Nf6 4. Bg5 dxe4 5. Nxe4 Be7 6. Bxf6 gxf6 7. c4 f5 8.
Nc3 Bf6 9. Nge2 Nc6 10. d5 Ne5 11. f4 Ng6 12. g3 Qe7 13. Bg2 Bd7 14. O-O O-O 15.
Qd3 Rad8 16. Rae1 Bc8 17. Kh1 c6 18. Nd4 Qc5 19. Nb3 Qb4 20. Rd1 b5 21. cxb5
cxd5 22. Nd4 Ne7 23. Rf2 Bd7 24. Rfd2 Rb8 25. Bf1 Rfc8 26. Qe3 Kh8 27. Qe2 Bg7
28. a4 Ng8 29. Nf3 Nf6 30. Ne5 Be8 31. Rd4 Qc5 32. Bg2 Ne4 33. g4 Nxc3 34. bxc3
fxg4 35. R1d3 f5 36. h3 Qa3 37. hxg4 Rxc3 38. gxf5 Rxd3 39. Qxd3 Qc1+ 40. Qd1
Qe3 41. Qd2 Qxd2 42. Rxd2 exf5 43. Rxd5 Rc8 44. Nc6 Bxc6 45. bxc6 Kg8 46. Rxf5
Bd4 47. Rd5 Bb6 48. Rg5+ Kf7 49. Rh5 Kg7 50. Be4 h6 51. Re5 Bc7 52. Re6 Bxf4 53.
Re7+ Kf6 54. Rxa7 Ke5 55. Bf3 Kd6 56. Rf7 Be5 57. Rd7+ Ke6 58. Rh7 Rc7 59. Rxh6+
Bf6 60. Rh5 Ra7 61. Rc5 Be5 62. Rc4 Rg7 63. Bg2 Kd6 64. Kg1 Rf7 65. Bf3 Rf4 66.
Be4 Kc7 67. a5 Rf8 68. Kg2 Bd6 69. Rc1 Rf4 70. Bf3 Ra4 71. Rb1 Rb4 72. Rh1 Rb2+
73. Kh3 Ra2 74. Rb1 Be5 75. Rb5 Kd6 76. Rd5+ Ke6 77. Rc5 Bc7 78. Rh5 Rxa5 79.
Rh6+ Ke5 80. Rh7 Ra7 81. Rd7 Kf4 82. Bd5 Ra3+ 83. Kg2 Be5 84. Rf7+ Kg5 85. Be6
Kg6 86. Rf5 Bd6 87. Rd5 Bf4 88. Bd7 Rc3 89. Kf2 Bc7 90. Ke2 Kf6 91. Kd2 Rg3 92.
Bc8 Ra3 93. Rd7 Ba5+ 94. Ke2 Rc3 95. Bb7 Ke6 96. Rd4 Bb6 97. Rh4 Kd6 98. Rh5 Kc7
99. Rh7+ Kd6 100. Rd7+ Ke6 101. Rd1 Ba5 102. Ra1 Bb6 103. Kd2 Rg3 104. Kc2 Re3
105. Rd1 Ba5 106. Kb2 Bc7 107. Rh1 Be5+ 108. Kc2 Kd6 109. Rh7 Rg3 110. Rd7+ Ke6
111. Rd1 Bc7 112. Kb2 Be5+ 113. Ka2 Rc3 114. Rd7 Bd6 115. Rh7 Be5 116. Rh6+ Ke7
117. Bc8 Bf6 118. Bd7 Bg5 119. Re6+ Kd8 120. Kb2 Re3 121. Rg6 Bf4 122. Kc2 Kc7
123. Rg8 Be5 124. Kd2 Rg3 125. Ra8 Kb6 126. Ra4 Bd6 127. Rd4 Kc7 128. Kc2 Rf3
129. Rd5 Rg3 130. Rb5 Kd8 131. Rb7 Be5 132. Ra7 Bd6 133. Bf5 Bc7 134. Be4 Re3
135. Ra4 Bb6 136. Bh1 Rh3 137. Bd5 Rh2+ 138. Kd3 Rh3+ 139. Ke2 Re3+ 140. Kd2 Rg3
141. Rh4 Ba5+ 142. Ke2 Rc3 143. Rh7 Bb6 144. Kd2 Ba5 145. Ke2 Bb6 146. Rd7+ Kc8
147. Rb7 Bc7 148. Ra7 Kd8 149. Kd2 Rc5 150. Bf3 Ra5 151. Rb7 Ra3 152. Be4 Bf4+
153. Kc2 Bc7 154. Kb2 Re3 1/2-1/2

[Event "London Classic Superrapid"]
[Site "London ENG"]
[Date "2016.12.18"]
[Round "10.21"]
[White "Dushyant, Sharma"]
[Black "Wells, Peter K"]
[Result "0-1"]
[BlackTitle "GM"]
[WhiteElo "2066"]
[BlackElo "2431"]
[WhiteFideId "25065130"]
[BlackFideId "400327"]
[EventDate "2016.12.17"]

1. e4 e5 2. Nf3 Nc6 3. Nc3 Nf6 4. Bb5 Nd4 5. Bc4 c6 6. Bb3 d6 7. h3 Nxf3+ 8.
Qxf3 g6 9. d3 Bg7 10. Be3 O-O 11. O-O Qe7 12. Qe2 Nh5 13. Qd2 Kh8 14. Ne2 f5 15.
f4 Bd7 16. Rae1 g5 17. fxe5 f4 18. Bf2 dxe5 19. Qc3 b6 20. d4 g4 21. hxg4 Bxg4
22. dxe5 c5 23. Nc1 Bxe5 24. Qd2 f3 25. Nd3 fxg2 26. Kxg2 Bf3+ 27. Kg1 Qg7+ 0-1

[Event "London Classic Superrapid"]
[Site "London ENG"]
[Date "2016.12.18"]
[Round "10.22"]
[White "Polzin, Rainer"]
[Black "Pigott, John C"]
[Result "1-0"]
[WhiteTitle "GM"]
[BlackTitle "FM"]
[WhiteElo "2423"]
[BlackElo "2384"]
[WhiteFideId "4610741"]
[BlackFideId "400459"]
[EventDate "2016.12.17"]

1. e4 e6 2. d4 d5 3. Nc3 Bb4 4. e5 Ne7 5. a3 Bxc3+ 6. bxc3 c5 7. Qg4 Qc7 8. Bd3
cxd4 9. Ne2 dxc3 10. Qxg7 Rg8 11. Qxh7 Qxe5 12. Bf4 Qf6 13. Bg3 Nd7 14. Bh4 Qh8
15. Qxh8 Rxh8 16. Bg3 a6 17. Nxc3 b5 18. f4 Nc5 19. Ne2 Bb7 20. Nd4 f6 21. Nb3
Ne4 22. O-O-O Rc8 23. Bxe4 dxe4 24. Rd6 Nf5 25. Rxe6+ Kd7 26. Rxf6 Nxg3 27. Rd1+
Ke7 28. Rb6 Ne2+ 29. Kd2 Ba8 30. Kxe2 Rxh2 31. Rg6 Rxc2+ 32. Rd2 Rc3 33. Nd4 e3
34. Rd3 Rxd3 35. Kxd3 Rxg2 36. Rxa6 Bd5 37. Nf5+ Kf8 38. Nxe3 Rg3 39. Kd4 Bf7
40. Ra8+ Be8 41. Nf5 Rg4 42. Ke5 Rg1 43. Nd6 Ke7 44. Rxe8+ Kd7 45. Rb8 Re1+ 46.
Ne4 Kc6 47. f5 1-0

[Event "London Classic Superrapid"]
[Site "London ENG"]
[Date "2016.12.18"]
[Round "10.23"]
[White "Fernandez, Daniel Howard"]
[Black "Sanders, Isaac B"]
[Result "1-0"]
[WhiteTitle "IM"]
[BlackTitle "FM"]
[WhiteElo "2468"]
[BlackElo "2341"]
[WhiteFideId "5801605"]
[BlackFideId "417661"]
[EventDate "2016.12.17"]

1. d4 f5 2. g3 Nf6 3. Bg2 g6 4. Nd2 Bg7 5. e4 fxe4 6. Nxe4 Nxe4 7. Bxe4 d5 8.
Bg2 Nc6 9. Ne2 e5 10. dxe5 Nxe5 11. Qxd5 Qxd5 12. Bxd5 c6 13. Be4 Bg4 14. h3 Bf3
15. Bxf3 Nxf3+ 16. Kf1 O-O 17. Kg2 Rae8 18. Be3 Ne5 19. b3 a6 20. Rad1 Bf6 21.
Nc1 Rd8 22. Bb6 Rd7 23. f4 Rxd1 24. Rxd1 Nf7 25. Rd7 Re8 26. Kf2 g5 27. Nd3 h5
28. Be3 h4 29. gxh4 gxf4 30. Bxf4 Bxh4+ 31. Kf3 b6 32. a4 Bf6 33. Rc7 Nd8 34.
Rc8 Kf7 35. Bc7 Rh8 36. Bxb6 Rxh3+ 37. Kg2 Rh8 38. Bxd8 Bxd8 39. Rxc6 a5 40. Kf3
Rh2 41. Ke4 Bg5 42. Kd5 Bd2 43. Rc4 Ke7 44. Kc6 Kd8 45. Ne5 Rh6+ 46. Kb5 Ke8 47.
Nc6 Rh5+ 48. Rc5 1-0

[Event "London Classic Superrapid"]
[Site "London ENG"]
[Date "2016.12.18"]
[Round "10.24"]
[White "Bates, Richard A"]
[Black "Karthikeyan, Murali"]
[Result "1-0"]
[WhiteTitle "IM"]
[BlackTitle "GM"]
[WhiteElo "2347"]
[BlackElo "2530"]
[WhiteFideId "403555"]
[BlackFideId "5074452"]
[EventDate "2016.12.17"]

1. d4 Nf6 2. Nf3 g6 3. g3 Bg7 4. Bg2 O-O 5. O-O d5 6. c4 c6 7. Nbd2 a5 8. b3 Bf5
9. Bb2 Nbd7 10. Nh4 Be6 11. e3 a4 12. Qc2 a3 13. Bc3 dxc4 14. bxc4 Nb6 15. Bb4
Re8 16. Rab1 Bc8 17. Rfd1 Bg4 18. f3 Bc8 19. Rb3 e5 20. dxe5 Rxe5 21. Ne4 Qe8
22. Nd6 Qe6 23. e4 Ne8 24. Rxa3 Rxa3 25. Bxa3 Bf8 26. c5 Nxd6 27. cxb6 Ra5 28.
Bh3 Qe8 29. Bxd6 Bxh3 30. Qc3 Rxa2 31. Qf6 Ra8 32. Be5 Bc5+ 33. Kh1 Kf8 34. Nf5
Bxf5 35. exf5 1-0